• 首页
  • 本馆介绍
  • 公告通知
  • 最新文献
  • 馆藏检索
  • 电子资源
  • 读者导购
  • 参考咨询
  • 我的图书馆
  • 登录
  • 详细信息显示
  • 放入我的书架
  • 预约/预借图书
  • 作者相关作品
  • 分类相关作品
  • 丛书相关作品
  • 出版社相关作品

书目信息

  • 表格格式
  • 工作单格式
  • 卡片格式
题名:
哲学名词解释
    
 
作者: ;广西师院政治系本书编写组 编
分册:  
出版信息: 广西   广西师院政治系  1980
页数: 250页
开本: 19cm
丛书名:
单 册:
中图分类: B-61 , G633.2
科图分类:
主题词: 哲学--词汇 , 哲学
电子资源:
ISBN:
000 00697nam0 2200241 45
001 0180005708
005 20060820091823.89
010    @dCNY0.80
100    @a19950619d1980 em y0chiy0121 ea
101 0  @achi
102    @aCN@b110000
105    @ay e 000yy
200 10 @a哲学名词解释@Azhe xue ming ci jie shi@f广西师院政治系本书编写组编@FGuang Xi Shi Yuan Zheng Zhi Xi Ben Shu Bian Xie Zu Bian
210    @a广西@c广西师院政治系@d1980
215    @a250页@d19cm
606    @a哲学@x词汇
606 0  @a哲学
690    @aB-61@v3
690    @aG633.2
711 02 @a广西师院政治系本书编写组@4编
801  0 @aCN@b上海图书馆@c20060820
801  2 @aCN@bNLC@c20060817
905    @f2@b28375-376@dB-61@e38
    
    哲学名词解释/广西师院政治系本书编写组编.-广西:广西师院政治系,1980
    250页;19cm
    
    
    ISBN :CNY0.80
    
●
相关链接 在E读中查询图书 在五车中查询图书 在当当中查询图书 在豆瓣中查询图书


正题名:哲学名词解释     索取号:B-61/38         预约/预借

序号 登录号 条形码 馆藏地/架位号 状态 备注
1 0028375   000474472   第一借阅区/ [索取号:B-61/38] 在馆    
2 0028376   000474392   密集书库/ [索取号:B-61/38] 在馆    
3 0028377   202385249   密集书库/ [索取号:B-61/38] 在馆    
4 0465227   204652278   密集书库/ [索取号:B-61/38] 在馆    
5 0471337   204713373   密集书库/ [索取号:B-61/38] 在馆    
唐山师范学院图书馆 欢迎您!
大连网信软件有限公司© 版权所有